000 00464nam a22002051a 4500
001 7343
003 OSt
005 20260204212127.0
008 071012s2003||||mx ||||||b||||||||||spa||
020 _a9702604435
050 _a330 P246e
100 _aParkin, Michael
245 _aEconomía / Michael Parkin
250 _a6
264 _aMéxico : Pearson Educación
300 _a934 p
500 _aIncluye indice
650 _aEconomíaÌ
942 _2ddc
_cBK
999 _c7343
_d7343